A text book of engineering mathematics / (Record no. 59551)
[ view plain ]
| 000 -LEADER | |
|---|---|
| fixed length control field | 01727nam a22002777a 4500 |
| 005 - DATE AND TIME OF LATEST TRANSACTION | |
| control field | 20111219094853.0 |
| 010 ## - LCCN (DPL NO) | |
| LC control number | ENG-104378 B-489399-402 |
| 020 ## - INTERNATIONAL STANDARD BOOK NUMBER | |
| International Standard Book Number | 9788175156463 |
| Terms of availability | 400.00 |
| 035 ## - SYSTEM CONTROL NUMBER | |
| System control number | EN -87911 B-489399-402 |
| 037 ## - SOURCE OF ACQUISITION | |
| Source of stock number/acquisition | DBAD/PUB |
| 037 ## - SOURCE OF ACQUISITION | |
| Source of stock number/acquisition | Allied Pub/Ven |
| 082 ## - DEWEY DECIMAL CLASSIFICATION NUMBER | |
| Classification number | 620.00151 |
| 100 ## - MAIN ENTRY--PERSONAL NAME | |
| Personal name | Venkata Krishna, M. |
| 245 ## - TITLE STATEMENT | |
| Title | A text book of engineering mathematics / |
| Statement of responsibility, etc | by M.Venkata Krishna [and] G.Shanker Rao |
| 260 ## - PUBLICATION, DISTRIBUTION, ETC. (IMPRINT) | |
| Place of publication, distribution, etc | New Delhi |
| Name of publisher, distributor, etc | Galgotia Publications |
| Date of publication, distribution, etc | 2011 |
| 270 ## - ADDRESS | |
| Address | 5, Ansari Road, Darya Ganj, |
| City | New Delhi |
| Postal code | 110002 |
| 300 ## - PHYSICAL DESCRIPTION | |
| Extent | xix,837p. |
| Dimensions | 24cm.(pbk) |
| 700 ## - ADDED ENTRY--PERSONAL NAME | |
| Personal name | Shanker Rao, G. |
| 9 (RLIN) | 37026 |
| 942 ## - ADDED ENTRY ELEMENTS (KOHA) | |
| Source of classification or shelving scheme | Dewey Decimal Classification |
| Item type | English Books |
| Call number suffix | VEN |
| Classification part | 620.00151 |
| Withdrawn status | Lost status | Not for loan | Collection code | Home library | Current library | Date acquired | Source of acquisition | Cost, normal purchase price | Full call number | Barcode | Copy number | Cost, replacement price | Koha item type |
|---|---|---|---|---|---|---|---|---|---|---|---|---|---|
| Non-fiction | Central Library | Central Library | 06/02/2013 | Allied Pub/1242/28.12.2012/114/18.12.2012/08.01.2013 | 400.00 | 620.00151 VEN | B-489399 | 1 | 400.00 | English Books | |||
| Not For Loan | Non-fiction | D.B.Act.Division | D.B.Act.Division | 19/12/2011 | DBAD / PUB | 400.00 | 620.00151 VEN | EN -87911 | 1 | 400.00 | English Books | ||
| Withdrawn | Non-fiction | Janak Puri | Janak Puri | 06/02/2013 | Allied Pub/1242/28.12.2012/114/18.12.2012/08.01.2013 | 400.00 | 620.00151 VEN | B-489401 | 1 | 400.00 | English Books | ||
| Non-fiction | Patel Nagar | Patel Nagar | 06/02/2013 | Allied Pub/1242/28.12.2012/114/18.12.2012/08.01.2013 | 400.00 | 620.00151 VEN | B-489400 | 1 | 400.00 | English Books | |||
| Written-off vide DLB M. No. 383 dt 16.05.19 | Non-fiction | Shahdara Branch | Shahdara Branch | 06/02/2013 | Allied Pub/1242/28.12.2012/114/18.12.2012/08.01.2013 | 400.00 | 620.00151 VEN | B-489402 | 1 | 400.00 | English Books |
